000 01474nam a2200301 4500
003 EC-UNACH
005 20251125132721.0
006 s||||gr|||| 00| 00
008 150116t9999 mx r gr 000 0 spa d
020 _aS/N
040 _aEC-UNACH
_cEC-UNACH
041 _aspa
082 0 4 _223
_a540
_bl018390
110 _aS/N
245 _aQuímica simplificada para Químico - Biológicas , físico - Matemáticas y Universidad
250 _aPrimera edición
264 _aEcuador
_bS/N
_c1981
300 _a176
505 _aQuímica simplificada -- Obras publicadas del autor - - Diploma de honor - -Dedicatoria - - Contenido - - Concepto de química - -División de la química - -Importancia de la química - -División de la química - - Importancia de la química - - fenómenos y clasificación - -Propiedades de la materia - - Materia cuerpo y sustancia - -Notación y nomenclatura de los elementos - - Mezclas y combinación - -Materia y energía - - Estados de la materia y cambios de estado - -Estructura del átomo - - Numero atómico y peso atómico - - Isotopos e isobaros - - Números cuánticos - -Representación de niveles de energía - -Notación cuántica y orbitales - -
650 _aCONCEPTO DE QUIMICA
650 _aDIVISIÓN DE LA QUIMICA
650 _aATOMOS
700 _aDiómedes Solano
942 _2ddc
_c1
999 _c14219